000
00291nam a22001337a 4500
008
170331b xxu||||| |||| 00| 0 eng d
020
_a
081515865
041
_a
eng
080
_2
3 ED
_a
617
100
_a
8
101
_a
SHM
245
_a
PRACTICAL ORTHOPEDICS
_c
MERCIER.L.R
942
_2
udc
_c
BK
999
_c
9321
_d
9321